[Event "CAMPEONATO DE ESPAÑA ABSOLUTO"]
[Site "EL SAUZAL - TENERIFE - ISLAS CANARIAS"]
[Date "2010.09.08"]
[Round "5"]
[Board "35"]
[White "Medina Sanchez, Gines"]
[Black "Alvarado Diaz, Alejandro"]
[Result "0-1"]
[WhiteElo "1724"]
[BlackElo "2101"]
[PlyCount "50"]
[EventDate "2010.09.04"]
[EventRounds "9"]
[EventCountry "ESP"]

1.Nf3 g6 2.d4 Nf6 3.b3 Bg7 4.Bb2 O-O 5.e3 d6 6.Bd3 Nbd7 7.Nc3 e5 8.dxe5 dxe5
9.Ne4 Nxe4 10.Bxe4 c6 11.Qe2 Nc5 12.Qc4 Nxe4 13.Qxe4 Re8 14.c3 Bf5 15.Qc4 Bd3
16.Qh4 Bf6 17.Qh3 Bf5 18.g4 Be6 19.Rd1 Qc8 20.Rd2 Bxg4 21.Qg3 Qf5 22.Ke2 e4
23.Re1 Bxf3+ 24.Kf1 Be5 25.Qh4 g5 0-1

[Event "CAMPEONATO DE ESPAÑA ABSOLUTO"]
[Site "EL SAUZAL - TENERIFE - ISLAS CANARIAS"]
[Date "2010.09.08"]
[Round "5"]
[Board "36"]
[White "Garcia Gata, Jorge D"]
[Black "Perez Barreto, Adrian"]
[Result "0-1"]
[WhiteElo "2090"]
[BlackElo "1718"]
[PlyCount "116"]
[EventDate "2010.09.04"]
[EventRounds "9"]
[EventCountry "ESP"]

1.d4 Nf6 2.Nf3 g6 3.c4 Bg7 4.Nc3 O-O 5.e4 d6 6.Be3 Ng4 7.Bg5 h6 8.Bh4 f5 9.h3
Nf6 10.Bxf6 Bxf6 11.Qd2 Bg7 12.exf5 Bxf5 13.g4 Bd7 14.Bg2 Nc6 15.O-O-O Rb8
16.Qc2 Be8 17.Rhe1 Bf7 18.a3 a6 19.Kb1 g5 20.h4 gxh4 21.Nxh4 Nxd4 22.Rxd4 Bxd4
23.Nf5 Bg6 24.Nxe7+ Qxe7 25.Qxg6+ Qg7 26.Qe6+ Kh8 27.Rh1 Rf6 28.Qe4 Bxc3 29.bxc3
Qg6 30.Qxg6 Rxg6 31.g5 Rxg5 32.Rxh6+ Kg7 33.Rh2 c6 34.Be4 Rh8 35.Rxh8 Kxh8
36.Kc2 Kg7 37.Kb3 Re5 38.Bc2 Kf6 39.f4 Re2 40.Bd3 Re3 41.Bc2 Rf3 42.f5 Re3
43.Bb1 d5 44.cxd5 cxd5 45.Kb4 Ke5 46.a4 b6 47.c4 a5+ 48.Kb5 Rb3+ 49.Kc6 Rxb1
50.cxd5 Kxf5 51.d6 Ke6 52.d7 Rc1+ 53.Kxb6 Kxd7 54.Kxa5 Kc7 55.Ka6 Ra1 56.Kb5 Kb7
57.Ka5 Kc6 58.Kb4 Kb6 0-1

[Event "CAMPEONATO DE ESPAÑA ABSOLUTO"]
[Site "EL SAUZAL - TENERIFE - ISLAS CANARIAS"]
[Date "2010.09.08"]
[Round "5"]
[Board "38"]
[White "Herrera Reyes, Jose Antonio"]
[Black "Capote Robayna, Nathaniel"]
[Result "1/2-1/2"]
[WhiteElo "2145"]
[BlackElo "1960"]
[PlyCount "72"]
[EventDate "2010.09.04"]
[EventRounds "9"]
[EventCountry "ESP"]

1.e4 e6 2.Nf3 d5 3.exd5 exd5 4.c4 d4 5.d3 Nf6 6.Be2 Be7 7.O-O O-O 8.Nbd2 a5
9.Re1 c5 10.Nf1 Nc6 11.Ng3 Re8 12.Ng5 Ne5 13.f4 Neg4 14.Bf3 Ne3 15.Rxe3 dxe3
16.Bxe3 Ng4 17.Bxg4 Bxg5 18.Bxc8 Rxe3 19.Bxb7 Qd4 20.Kh1 Rxd3 21.Qe2 Rd8 22.Bd5
Re3 23.Qh5 Qd2 24.Rf1 Bh6 25.Nf5 Rxd5 26.cxd5 Re1 27.Nxh6+ gxh6 28.Qf3 Rxf1+
29.Qxf1 Qxd5 30.b3 a4 31.Qb1 a3 32.f5 f6 33.Qc1 Qxf5 34.h3 Qe5 35.Qxa3 Qe1+
36.Kh2 Qe5+ 1/2-1/2

[Event "CAMPEONATO DE ESPAÑA ABSOLUTO"]
[Site "EL SAUZAL - TENERIFE - ISLAS CANARIAS"]
[Date "2010.09.08"]
[Round "5"]
[Board "40"]
[White "Fernandez Molina, Victor Manuel"]
[Black "Abreu Suarez, Isauro"]
[Result "0-1"]
[WhiteElo "1913"]
[BlackElo "2068"]
[PlyCount "56"]
[EventDate "2010.09.04"]
[EventRounds "9"]
[EventCountry "ESP"]

1.Nf3 Nf6 2.c4 c5 3.g3 g6 4.Bg2 Bg7 5.O-O O-O 6.d4 cxd4 7.Nxd4 Nc6 8.Nc3 Nxd4
9.Qxd4 d6 10.e4 Be6 11.Qd3 Rc8 12.Nd5 Bxd5 13.cxd5 a6 14.Bd2 Nd7 15.Rab1 b5
16.Rfc1 Rxc1+ 17.Bxc1 Qa5 18.a3 Rc8 19.Bd2 Qd8 20.Bh3 Ne5 21.Qb3 Rc4 22.f4 Nd7
23.Bxd7 Qxd7 24.Rc1 Rxe4 25.Qf3 Qf5 26.Rc8+ Bf8 27.Qc3 f6 28.Qc6 Rc4 0-1

[Event "CAMPEONATO DE ESPAÑA ABSOLUTO"]
[Site "EL SAUZAL - TENERIFE - ISLAS CANARIAS"]
[Date "2010.09.08"]
[Round "5"]
[Board "41"]
[White "Molina Rodriguez, Borja"]
[Black "Rodriguez Govea, Elizabeth"]
[Result "1-0"]
[WhiteElo "2058"]
[BlackElo "1479"]
[PlyCount "77"]
[EventDate "2010.09.04"]
[EventRounds "9"]
[EventCountry "ESP"]

1.e4 e5 2.Nf3 Nc6 3.Bc4 Nf6 4.d3 Be7 5.O-O O-O 6.Re1 d6 7.a4 Bg4 8.h3 Bh5 9.c3
Re8 10.Nbd2 a6 11.Nf1 Nd7 12.Ng3 Bg6 13.a5 Na7 14.Nh2 c6 15.Ng4 Bg5 16.Qf3 Bxc1
17.Rexc1 Kf8 18.Nf5 Nf6 19.Nge3 Nc8 20.Rd1 Qd7 21.g4 h6 22.Bb3 Ne7 23.Nxh6 gxh6
24.Qxf6 Ng8 25.Qf3 Qe7 26.Nf5 Qf6 27.Kh1 Ne7 28.Qg3 Ng8 29.Rf1 Qd8 30.f4 exf4
31.Qxf4 Bxf5 32.Qxf5 Re7 33.Bxf7 Kg7 34.Qg6+ Kh8 35.Bxg8 Qxg8 36.Qxh6+ Rh7
37.Qf6+ Qg7 38.Qxg7+ Rxg7 39.Rf6 1-0

[Event "CAMPEONATO DE ESPAÑA ABSOLUTO"]
[Site "EL SAUZAL - TENERIFE - ISLAS CANARIAS"]
[Date "2010.09.08"]
[Round "5"]
[Board "42"]
[White "Capote Robayna, Johanna"]
[Black "Acosta Sosa, Juan Manuel"]
[Result "1-0"]
[WhiteElo "1740"]
[BlackElo "2007"]
[PlyCount "65"]
[EventDate "2010.09.04"]
[EventRounds "9"]
[EventCountry "ESP"]

1.e4 c5 2.Nf3 Nc6 3.d4 cxd4 4.Nxd4 g6 5.Nc3 Bg7 6.Be3 Nf6 7.Bc4 O-O 8.Bb3 a5
9.a4 d6 10.f3 Nxd4 11.Bxd4 Be6 12.O-O Bxb3 13.cxb3 Ne8 14.Bxg7 Nxg7 15.Rc1 Ne6
16.Nd5 Nc5 17.Rc3 Ra6 18.Qc2 Rc6 19.Rd1 f6 20.b4 axb4 21.Nxb4 Rc8 22.Nd5 Kf7
23.Rc1 Ra8 24.a5 e6 25.b4 exd5 26.bxc5 Rxa5 27.exd5 Rxc5 28.Rxc5 Qb6 29.Qf2 dxc5
30.Qxc5 Qxc5+ 31.Rxc5 Re8 32.Rc7+ Re7 33.d6 1-0

[Event "CAMPEONATO DE ESPAÑA ABSOLUTO"]
[Site "EL SAUZAL - TENERIFE - ISLAS CANARIAS"]
[Date "2010.09.08"]
[Round "5"]
[Board "43"]
[White "Rodriguez Ferraz, Borja"]
[Black "Jimenez Mendoza, Jose Miguel"]
[Result "1-0"]
[WhiteElo "2079"]
[BlackElo "1717"]
[PlyCount "107"]
[EventDate "2010.09.04"]
[EventRounds "9"]
[EventCountry "ESP"]

1.d4 d5 2.c4 e6 3.Nc3 Nf6 4.cxd5 exd5 5.Bg5 Be7 6.e3 h6 7.Bh4 Nbd7 8.Bd3 O-O
9.Nge2 c6 10.O-O Re8 11.Re1 Nf8 12.Rc1 Bg4 13.f3 Bc8 14.Bf2 Ne6 15.Bb1 Bd7
16.Qd3 Nf8 17.a3 Bd6 18.Bg3 Bxg3 19.Nxg3 Ng6 20.Rf1 h5 21.e4 h4 22.Nge2 Nh5
23.Qe3 f5 24.e5 f4 25.Qf2 Kf7 26.Bxg6+ Kxg6 27.g4 Qg5 28.Qg2 Ng3 29.hxg3 hxg3
30.Na4 Rh8 31.Nxg3 fxg3 32.Qxg3 Rh4 33.Rc2 Rah8 34.Nc5 Qe3+ 35.Kg2 Rh2+ 36.Qxh2
Rxh2+ 37.Kxh2 Bc8 38.Kg3 Kg5 39.Rc3 Qxd4 40.f4+ Kg6 41.Rfc1 b6 42.Nb3 Qa4
43.Rxc6+ Kf7 44.Rc7+ Kg6 45.Rxc8 Qxb3+ 46.Kh4 Qe3 47.R1c6+ Kf7 48.Kg5 Qh3 49.Rg6
Qh7 50.Rc7+ Kg8 51.Rgxg7+ Qxg7+ 52.Rxg7+ Kxg7 53.f5 Kf7 54.Kf4 1-0

[Event "CAMPEONATO DE ESPAÑA ABSOLUTO"]
[Site "EL SAUZAL - TENERIFE - ISLAS CANARIAS"]
[Date "2010.09.08"]
[Round "5"]
[Board "44"]
[White "Rodriguez Jorge, David"]
[Black "Korneev, Svyatoslav"]
[Result "0-1"]
[WhiteElo "1940"]
[BlackElo "1787"]
[PlyCount "66"]
[EventDate "2010.09.04"]
[EventRounds "9"]
[EventCountry "ESP"]

1.e4 e6 2.d4 d5 3.Nd2 Nf6 4.e5 Nfd7 5.Ndf3 c5 6.c3 Nc6 7.Bd3 cxd4 8.cxd4 f6
9.exf6 Nxf6 10.Bd2 Bd6 11.Ne2 O-O 12.Nc3 e5 13.dxe5 Nxe5 14.Nxe5 Bxe5 15.Be2 d4
16.Qb3+ Kh8 17.Nb5 Ne4 18.Bb4 Rxf2 19.Bf3 Qh4 20.O-O-O Qf4+ 21.Kb1 Bf5 22.Ka1 d3
23.Bc3 Nxc3 24.Nxc3 Bxc3 25.Qxc3 Rc2 26.Qe1 Qd4 27.Rb1 h6 28.Qa5 Rc5 29.Qd2 a5
30.Rbc1 Rac8 31.Kb1 Rc2 32.Rxc2 Rxc2 33.Qd1 Qxb2# 0-1

[Event "CAMPEONATO DE ESPAÑA ABSOLUTO"]
[Site "EL SAUZAL - TENERIFE - ISLAS CANARIAS"]
[Date "2010.09.08"]
[Round "5"]
[Board "45"]
[White "Monzon Aleman, Ayoze"]
[Black "Diaz Sanchez, Jose Francisco"]
[Result "0-1"]
[WhiteElo "1750"]
[BlackElo "1909"]
[PlyCount "48"]
[EventDate "2010.09.04"]
[EventRounds "9"]
[EventCountry "ESP"]

1.e4 c5 2.Nf3 e6 3.d4 cxd4 4.Nxd4 Nf6 5.Bd3 Nc6 6.c3 Qb6 7.Nb3 Ne5 8.Be3 Qc7
9.Nd4 a6 10.h3 b5 11.O-O Bb7 12.f3 Nh5 13.Ne2 Bc5 14.Bxc5 Qxc5+ 15.Rf2 O-O
16.Na3 d5 17.exd5 Rad8 18.Be4 Bxd5 19.Nd4 Nc6 20.Nxc6 Bxc6 21.Qe2 Bxe4 22.Qxe4
Rd2 23.Raf1 Ng3 24.Qe1 Rxb2 0-1

[Event "CAMPEONATO DE ESPAÑA ABSOLUTO"]
[Site "EL SAUZAL - TENERIFE - ISLAS CANARIAS"]
[Date "2010.09.08"]
[Round "5"]
[Board "46"]
[White "Orti Boix, Miquel Lluis"]
[Black "De La Rubia Ramirez, Dulce N"]
[Result "1-0"]
[WhiteElo "1889"]
[BlackElo "1774"]
[PlyCount "69"]
[EventDate "2010.09.04"]
[EventRounds "9"]
[EventCountry "ESP"]

1.e4 e6 2.d4 d5 3.e5 c5 4.c3 Nc6 5.Nf3 Qb6 6.a3 cxd4 7.cxd4 Bd7 8.b4 Rc8 9.Bb2
Nge7 10.Bd3 Na5 11.Nbd2 Nc4 12.Bxc4 dxc4 13.Rc1 Qa6 14.O-O Nd5 15.Ne4 Be7 16.Nc5
Bxc5 17.dxc5 O-O 18.Re1 Bc6 19.Qc2 c3 20.Bxc3 Qxa3 21.Bd2 Nxb4 22.Qb1 Nd5 23.Re4
Ne7 24.Rh4 Ng6 25.Rc3 Qa6 26.Rh5 Bxf3 27.Rxf3 Qe2 28.Bg5 f6 29.exf6 gxf6 30.Rxh7
Kxh7 31.Rh3+ Kg7 32.Qxb7+ Rf7 33.Rh7+ Kxh7 34.Qxf7+ Kh8 35.Bxf6# 1-0

[Event "CAMPEONATO DE ESPAÑA ABSOLUTO"]
[Site "EL SAUZAL - TENERIFE - ISLAS CANARIAS"]
[Date "2010.09.08"]
[Round "5"]
[Board "47"]
[White "Septien Lopez, Valeriano"]
[Black "Gonzalez Garcia, Zoilo"]
[Result "1-0"]
[WhiteElo "1887"]
[BlackElo "1572"]
[PlyCount "115"]
[EventDate "2010.09.04"]
[EventRounds "9"]
[EventCountry "ESP"]

1.e4 c6 2.Nc3 d5 3.exd5 cxd5 4.d4 Bf5 5.Bd3 Bg6 6.Nf3 e6 7.Bf4 a6 8.O-O Nc6
9.Ne5 Nxd4 10.Bxg6 Ne2+ 11.Qxe2 hxg6 12.Nf3 Bd6 13.Bxd6 Qxd6 14.Qe5 Qxe5 15.Nxe5
Nf6 16.Na4 Rc8 17.Rac1 d4 18.c4 Rh5 19.Nd3 Ke7 20.Rfe1 Ng4 21.h3 Rch8 22.Nac5
Nf6 23.f3 Kd6 24.Nxb7+ Kc6 25.Ne5+ Kxb7 26.Nxf7 d3 27.Nxh8 d2 28.Nxg6 dxc1=Q
29.Rxc1 Rg5 30.Nf4 e5 31.Ne6 Rg6 32.Nc5+ Kb6 33.b4 a5 34.Na4+ Ka6 35.b5+ Kb7
36.Kf2 Ne8 37.c5 Kc7 38.Nc3 Kb7 39.a4 Nc7 40.Rd1 Rg5 41.Ne4 Rg6 42.Nd6+ Kb8
43.Ne8 Nxe8 44.Rd8+ Kc7 45.Rxe8 Rg5 46.h4 Rh5 47.Re7+ Kd8 48.Rxg7 Rxh4 49.Rg4
Rh5 50.c6 Rh7 51.b6 Rh8 52.Ke3 Kc8 53.Rg7 Kb8 54.Ke4 Re8 55.Ra7 Rc8 56.Ra8+ Kxa8
57.b7+ Ka7 58.bxc8=Q 1-0

[Event "CAMPEONATO DE ESPAÑA ABSOLUTO"]
[Site "EL SAUZAL - TENERIFE - ISLAS CANARIAS"]
[Date "2010.09.08"]
[Round "5"]
[Board "48"]
[White "Darias Darias, Luis"]
[Black "Rodriguez Govea, Alejandro Jose"]
[Result "1-0"]
[WhiteElo "1877"]
[BlackElo "1504"]
[PlyCount "55"]
[EventDate "2010.09.04"]
[EventRounds "9"]
[EventCountry "ESP"]

1.d4 d5 2.c4 c6 3.Nf3 Nf6 4.e3 e6 5.a3 Nbd7 6.Nc3 a6 7.Bd3 dxc4 8.Bxc4 b5 9.Bb3
Bb7 10.O-O Nb6 11.e4 c5 12.d5 exd5 13.exd5 Nbxd5 14.Re1+ Be7 15.Bxd5 Nxd5 16.Bg5
f6 17.Nxd5 Qxd5 18.Qe2 Qf7 19.Rad1 Bxf3 20.Qxf3 Ra7 21.Qc6+ Kf8 22.Qxc5 Ra8
23.Qc6 Re8 24.Be3 Qb3 25.Bc5 Qf7 26.Rxe7 Rxe7 27.Rd8+ Qe8 28.Qxe8# 1-0

[Event "CAMPEONATO DE ESPAÑA ABSOLUTO"]
[Site "EL SAUZAL - TENERIFE - ISLAS CANARIAS"]
[Date "2010.09.08"]
[Round "5"]
[Board "49"]
[White "Marrero Lopez, Agustin"]
[Black "Abreu Perez, Abigail"]
[Result "1-0"]
[WhiteElo "1859"]
[BlackElo "1395"]
[PlyCount "97"]
[EventDate "2010.09.04"]
[EventRounds "9"]
[EventCountry "ESP"]

1.d4 d5 2.Nf3 Bg4 3.e3 Nc6 4.Be2 Nf6 5.h3 Bxf3 6.Bxf3 e5 7.dxe5 Nxe5 8.Nd2 Bc5
9.Nb3 Qd6 10.Qe2 c6 11.Bd2 Bb6 12.Bc3 a5 13.Nd4 Qd7 14.Nb3 Nxf3+ 15.gxf3 Qe6
16.Nd4 Bxd4 17.Bxd4 b5 18.b3 Qe7 19.Rg1 O-O 20.Kd2 Rab8 21.a4 b4 22.Bb2 c5
23.Qa6 d4 24.exd4 cxd4 25.Qxa5 h6 26.Qf5 Rfd8 27.Rae1 Qd6 28.Rg2 Qc6 29.Reg1 Ne8
30.Qd3 Rd5 31.Rg4 Rbd8 32.Kc1 Qb6 33.Kb1 h5 34.R4g3 R8d6 35.Rg5 Rd7 36.f4 Qf6
37.Qe4 Qd8 38.Re5 Nf6 39.Qg2 g6 40.f3 d3 41.c4 Rxe5 42.fxe5 Nh7 43.e6 Re7
44.exf7+ Rxf7 45.Qxg6+ Kf8 46.Qg8+ Ke7 47.Re1+ Kd7 48.Qxf7+ Kc8 49.Re8 1-0

[Event "CAMPEONATO DE ESPAÑA ABSOLUTO"]
[Site "EL SAUZAL - TENERIFE - ISLAS CANARIAS"]
[Date "2010.09.08"]
[Round "5"]
[Board "50"]
[White "Perez Martin, Nicanor"]
[Black "Perez Celis, Alba"]
[Result "0-1"]
[WhiteElo "1576"]
[BlackElo "1819"]
[PlyCount "54"]
[EventDate "2010.09.04"]
[EventRounds "9"]
[EventCountry "ESP"]

1.d4 d5 2.c4 c6 3.Nc3 e6 4.Nf3 Nf6 5.Bg5 h6 6.Bh4 g5 7.Bg3 dxc4 8.e3 b5 9.a3 Bd6
10.Ne5 Bb7 11.Be2 Qc7 12.h4 gxh4 13.Bxh4 Nbd7 14.Nxf7 Kxf7 15.Bh5+ Ke7 16.e4 e5
17.d5 Raf8 18.Qg4 Kd8 19.dxc6 Bxc6 20.O-O-O Kc8 21.Bxf6 Rxf6 22.Nd5 Bxd5 23.Rxd5
a6 24.Rhd1 Kb8 25.Qg7 Rhf8 26.Bg4 Nb6 27.Rxd6 Qxg7 0-1

[Event "CAMPEONATO DE ESPAÑA ABSOLUTO"]
[Site "EL SAUZAL - TENERIFE - ISLAS CANARIAS"]
[Date "2010.09.08"]
[Round "5"]
[Board "52"]
[White "Granja Fuentes, Jorge"]
[Black "Perez Castellano, Susana"]
[Result "0-1"]
[WhiteElo "1826"]
[BlackElo "1799"]
[PlyCount "96"]
[EventDate "2010.09.04"]
[EventRounds "9"]
[EventCountry "ESP"]

1.e4 e5 2.Nf3 Nc6 3.d4 exd4 4.Nxd4 Bc5 5.Nf5 Qf6 6.Nc3 Nge7 7.Ne3 O-O 8.Bd3 Ne5
9.Be2 N5g6 10.g3 Rd8 11.O-O Bxe3 12.Bxe3 d5 13.Nxd5 Nxd5 14.exd5 c6 15.Bd4 Qd6
16.c4 Bh3 17.Re1 cxd5 18.c5 Qd7 19.Bf1 Bg4 20.Be2 Re8 21.Bxg4 Rxe1+ 22.Qxe1 Qxg4
23.Qd1 Qe4 24.f3 Qe6 25.Qb3 Qd7 26.Rd1 Ne7 27.Be5 Rd8 28.Bd6 Re8 29.Re1 Nf5
30.Rxe8+ Qxe8 31.Kf2 Qc6 32.g4 Nd4 33.Qe3 Ne6 34.f4 h6 35.f5 Ng5 36.Qe7 d4
37.Qe2 Ne4+ 38.Kg1 Ng5 39.Qg2 Ne4 40.Qe2 Nxd6 41.cxd6 Qxd6 42.Qe8+ Qf8 43.Qxf8+
Kxf8 44.Kf2 Ke7 45.Kf3 Kd6 46.h4 Ke5 47.f6 g5 48.hxg5 hxg5 0-1

[Event "CAMPEONATO DE ESPAÑA ABSOLUTO"]
[Site "EL SAUZAL - TENERIFE - ISLAS CANARIAS"]
[Date "2010.09.08"]
[Round "5"]
[Board "54"]
[White "Padilla Mendez, Vicente"]
[Black "Quiza Vazquez, Carolina"]
[Result "1/2-1/2"]
[WhiteElo "1792"]
[BlackElo "1567"]
[PlyCount "109"]
[EventDate "2010.09.04"]
[EventRounds "9"]
[EventCountry "ESP"]

1.d4 Nf6 2.c4 e6 3.Nf3 d5 4.e3 c6 5.Be2 Nbd7 6.O-O Bd6 7.Nc3 O-O 8.Qc2 Re8 9.Bd2
e5 10.dxe5 Nxe5 11.cxd5 cxd5 12.Nb5 Bg4 13.Nxd6 Qxd6 14.Nd4 Bxe2 15.Nxe2 Nfg4
16.Ng3 h5 17.h3 h4 18.hxg4 hxg3 19.Qf5 gxf2+ 20.Rxf2 Qe6 21.Rf4 Qxf5 22.gxf5 Nc4
23.Rd4 Rad8 24.Kf2 Re4 25.Rxe4 dxe4 26.Bc3 Nxb2 27.Ke2 Nd3 28.Rb1 b6 29.g4 Rc8
30.Kd2 Rc5 31.a4 Nf2 32.Rb4 Nxg4 33.Rxe4 Rd5+ 34.Kc2 Nh6 35.f6 gxf6 36.Bxf6 Rf5
37.Re8+ Kh7 38.Bd4 Ra5 39.Kb3 Kg6 40.Re5 Rxe5 41.Bxe5 a6 42.Bd4 b5 43.axb5 axb5
44.Kb4 Kf5 45.Kxb5 Ke4 46.Ba7 Nf5 47.Kc4 Nxe3+ 48.Kc3 f5 49.Kd2 f4 50.Bxe3 fxe3+
51.Ke2 Kf4 52.Ke1 Kf3 53.Kf1 Kf4 54.Ke2 Ke4 55.Ke1 1/2-1/2

[Event "CAMPEONATO DE ESPAÑA ABSOLUTO"]
[Site "EL SAUZAL - TENERIFE - ISLAS CANARIAS"]
[Date "2010.09.08"]
[Round "5"]
[Board "56"]
[White "Garcia Lorenzo, Jaime"]
[Black "Febles Dominguez, Alfonso Jesus"]
[Result "0-1"]
[WhiteElo "1319"]
[BlackElo "1488"]
[PlyCount "110"]
[EventDate "2010.09.04"]
[EventRounds "9"]
[EventCountry "ESP"]

1.e4 c5 2.Nf3 d6 3.c3 Bg4 4.h3 Bh5 5.Be2 Nc6 6.d4 cxd4 7.cxd4 h6 8.Nc3 e6 9.Qc2
Be7 10.Be3 Bg6 11.Qb3 Rb8 12.O-O a6 13.Rac1 Nf6 14.d5 exd5 15.Bb6 Qd7 16.exd5
Nd8 17.Nd1 Rc8 18.Ne3 O-O 19.Bd3 Ne4 20.Rc4 Nc5 21.Bxc5 dxc5 22.Ne5 Qd6 23.Qc3
Bxd3 24.Nxd3 b5 25.Nf5 Qf6 26.Nxe7+ Qxe7 27.Re1 Qd6 28.Rxc5 Rxc5 29.Nxc5 Qxd5
30.b3 Qc6 31.b4 Ne6 32.Re5 Nf4 33.Qg3 Ng6 34.Re4 a5 35.a3 axb4 36.axb4 Rc8 37.h4
Qd5 38.Qg4 f5 39.Qxg6 fxe4 40.Ne6 Qe5 41.Nc5 Rd8 42.Qg4 Ra8 43.g3 e3 44.Ne4
exf2+ 45.Nxf2 Qe1+ 46.Kg2 Rf8 47.Nh1 Re8 48.Qf3 Qxb4 49.h5 Rf8 50.Qd5+ Kh8
51.Kh3 Qb1 52.Nf2 Rxf2 53.Qd8+ Kh7 54.Qe8 Qf5+ 55.Kh4 Rh2# 0-1

[Event "CAMPEONATO DE ESPAÑA ABSOLUTO"]
[Site "EL SAUZAL - TENERIFE - ISLAS CANARIAS"]
[Date "2010.09.09"]
[Round "6"]
[Board "1"]
[White "Vallejo Pons, Francisco"]
[Black "Arizmendi Martinez, Julen Luis"]
[Result "1/2-1/2"]
[WhiteElo "2697"]
[BlackElo "2551"]
[PlyCount "39"]
[EventDate "2010.09.04"]
[EventRounds "9"]
[EventCountry "ESP"]

1.e4 e6 2.d4 d5 3.Nc3 Bb4 4.e5 Ne7 5.a3 Bxc3+ 6.bxc3 c5 7.Qg4 cxd4 8.Qxg7 Rg8
9.Qxh7 Qc7 10.Ne2 Nbc6 11.f4 dxc3 12.h4 Bd7 13.h5 O-O-O 14.Qd3 Nf5 15.Qxc3 d4
16.Qd3 Nce7 17.h6 Ba4 18.h7 Rh8 19.Ra2 Bc6 20.Rb2 1/2-1/2

[Event "CAMPEONATO DE ESPAÑA ABSOLUTO"]
[Site "EL SAUZAL - TENERIFE - ISLAS CANARIAS"]
[Date "2010.09.09"]
[Round "6"]
[Board "2"]
[White "Salgado Lopez, Ivan"]
[Black "Alonso Rosell, Alvar"]
[Result "1-0"]
[WhiteElo "2595"]
[BlackElo "2485"]
[PlyCount "107"]
[EventDate "2010.09.04"]
[EventRounds "9"]
[EventCountry "ESP"]

1.d4 d5 2.Nf3 Nf6 3.c4 c6 4.Nc3 dxc4 5.a4 Na6 6.e4 Bg4 7.Bxc4 Bxf3 8.gxf3 Nb4
9.Be3 e6 10.a5 Be7 11.O-O O-O 12.Qb3 b5 13.Be2 a6 14.Rfc1 Nd7 15.f4 c5 16.dxc5
Nc6 17.Na2 Qxa5 18.e5 Rac8 19.Nc3 Qb4 20.Qxb4 Nxb4 21.Ne4 f6 22.Nd6 Rc7 23.Bg4
f5 24.Bf3 g5 25.c6 Nb8 26.fxg5 N8xc6 27.Bg2 Nxe5 28.Rxc7 Bxd6 29.Rb7 Ng4 30.Bd2
Nd3 31.Bc3 b4 32.Bd4 Bxh2+ 33.Kf1 Rd8 34.Rxa6 Be5 35.Bxe5 Ndxe5 36.Rxe6 Ng6
37.Bc6 Nf4 38.Re8+ Rxe8 39.Bxe8 Nh2+ 40.Ke1 Nf3+ 41.Kd1 Nxg5 42.Rxb4 Nd3 43.Rb8
Nxf2+ 44.Ke1 Nd3+ 45.Kd2 Ne5 46.Bd7+ Kf7 47.Bxf5 Kf6 48.Bc2 h5 49.Rf8+ Ke6
50.Bb3+ Kd6 51.Rf6+ Kc5 52.Rf5 Kd4 53.Rf4+ Ne4+ 54.Ke2 1-0

[Event "CAMPEONATO DE ESPAÑA ABSOLUTO"]
[Site "EL SAUZAL - TENERIFE - ISLAS CANARIAS"]
[Date "2010.09.09"]
[Round "6"]
[Board "3"]
[White "Espinosa Aranda, Angel"]
[Black "Magem Badals, Jordi"]
[Result "0-1"]
[WhiteElo "2403"]
[BlackElo "2589"]
[PlyCount "84"]
[EventDate "2010.09.04"]
[EventRounds "9"]
[EventCountry "ESP"]

1.e4 c6 2.d4 d5 3.Nc3 dxe4 4.Nxe4 Bf5 5.Ng3 Bg6 6.N1e2 e6 7.h4 h6 8.Nf4 Bh7 9.c3
Nf6 10.Bd3 Bxd3 11.Nxd3 Nbd7 12.Qf3 Be7 13.O-O O-O 14.Re1 a5 15.Ne5 a4 16.Bd2
Ra5 17.Rad1 Rd5 18.Bf4 c5 19.Nxd7 Qxd7 20.Be5 Qb5 21.b3 axb3 22.axb3 Qxb3 23.Rb1
Qc4 24.Rxb7 Nd7 25.Bxg7 Kxg7 26.Qg4+ Kh7 27.Qe4+ Kh8 28.Qf4 Qd3 29.Re4 Kh7 30.c4
Qxc4 31.Rxd7 Rxd7 32.Nf5 exf5 33.Qxf5+ Kh8 34.Qxd7 Bf6 35.Qc6 Bg7 36.dxc5 Qc1+
37.Kh2 Qd2 38.f3 Rg8 39.Qc7 Bd4 40.Rg4 Rxg4 41.fxg4 Qe3 42.Qc8+ Kg7 0-1

[Event "CAMPEONATO DE ESPAÑA ABSOLUTO"]
[Site "EL SAUZAL - TENERIFE - ISLAS CANARIAS"]
[Date "2010.09.09"]
[Round "6"]
[Board "4"]
[White "Alsina Leal, Daniel"]
[Black "Moreno Ruiz, Javier"]
[Result "0-1"]
[WhiteElo "2523"]
[BlackElo "2491"]
[PlyCount "88"]
[EventDate "2010.09.04"]
[EventRounds "9"]
[EventCountry "ESP"]

1.e4 c5 2.Nf3 Nc6 3.d4 cxd4 4.Nxd4 g6 5.Nc3 Bg7 6.Be3 Nf6 7.Bc4 Qa5 8.O-O O-O
9.Bb3 d6 10.h3 Bd7 11.Re1 Rfe8 12.Qd3 Rac8 13.Rad1 Ne5 14.Qf1 b5 15.Bc1 Nc4
16.a4 a6 17.axb5 axb5 18.Nf3 Qc7 19.Bxc4 bxc4 20.e5 dxe5 21.Nxe5 Be6 22.Nf3 Qb7
23.Nd4 Bd7 24.Nde2 h5 25.Ng3 h4 26.Nge4 Nxe4 27.Nxe4 Bf5 28.Qe2 Bxb2 29.Bg5 Red8
30.Rxd8+ Rxd8 31.Qxc4 Rd4 32.Nf6+ exf6 33.Bxf6 Re4 34.Rxe4 Bxf6 35.Re8+ Kh7
36.Re1 Kg7 37.Qc5 Qb2 38.Re8 Be6 39.Qe3 Qa1+ 40.Kh2 Be5+ 41.g3 hxg3+ 42.Kg2
Bxh3+ 43.Kf3 g2 44.Qc5 Qc3+ 0-1

[Event "CAMPEONATO DE ESPAÑA ABSOLUTO"]
[Site "EL SAUZAL - TENERIFE - ISLAS CANARIAS"]
[Date "2010.09.09"]
[Round "6"]
[Board "5"]
[White "Argandona Riveiro, Inigo"]
[Black "San Segundo Carrillo, Pablo"]
[Result "1/2-1/2"]
[WhiteElo "2408"]
[BlackElo "2511"]
[PlyCount "88"]
[EventDate "2010.09.04"]
[EventRounds "9"]
[EventCountry "ESP"]

1.Nf3 d5 2.d4 Nf6 3.c4 c6 4.e3 e6 5.b3 Nbd7 6.Bb2 Bd6 7.Bd3 b6 8.Nbd2 Bb7 9.O-O
O-O 10.Ne5 c5 11.cxd5 exd5 12.f4 Qe7 13.Qf3 Rad8 14.Qh3 Ne4 15.Nxe4 dxe4 16.Bb5
Nf6 17.Rae1 Rc8 18.Bc4 Bd5 19.dxc5 Rxc5 20.Bxd5 Rxd5 21.Nc6 Qb7 22.Bxf6 Qxc6
23.Qg4 g6 24.Ba1 Re8 25.Qe2 Re6 26.Rc1 Qb7 27.Qc4 Bc5 28.Kh1 a5 29.Rcd1 Rd7
30.Qa4 Rd3 31.Qb5 Qd5 32.Bd4 Qc6 33.Qxc6 Rxc6 34.Rc1 f5 35.h3 Kf7 36.Rf2 Ke6
37.Rfc2 Kd5 38.g4 h6 39.Kg2 Rc8 40.Kf1 h5 41.Kg2 Rc6 42.Kf1 Rc8 43.Kg2 Rc7
44.Kf1 Rc6 1/2-1/2

[Event "CAMPEONATO DE ESPAÑA ABSOLUTO"]
[Site "EL SAUZAL - TENERIFE - ISLAS CANARIAS"]
[Date "2010.09.09"]
[Round "6"]
[Board "7"]
[White "Illescas Cordoba, Miguel"]
[Black "Fernandez Garcia, Jose Miguel"]
[Result "1-0"]
[WhiteElo "2591"]
[BlackElo "2237"]
[PlyCount "75"]
[EventDate "2010.09.04"]
[EventRounds "9"]
[EventCountry "ESP"]

1.d4 Nf6 2.c4 e6 3.Nc3 d5 4.cxd5 exd5 5.Bg5 Be7 6.e3 O-O 7.Bd3 c5 8.dxc5 Nc6
9.Rc1 Re8 10.Nge2 h6 11.Bxf6 Bxf6 12.O-O d4 13.exd4 Nxd4 14.Ng3 Bg5 15.Rb1 f5
16.Nb5 Nxb5 17.Bxb5 Qxd1 18.Rfxd1 Re5 19.Bc4+ Kf8 20.Rd5 Re8 21.h4 Bf6 22.Nh5
Bxh4 23.Rd6 Re4 24.Bd3 Rg4 25.Re1 Be7 26.Rd5 g6 27.Rde5 Bg5 28.Re8+ Kf7 29.f4
gxh5 30.fxg5 hxg5 31.R1e7+ Kf6 32.Rc7 Rd4 33.Bf1 Rd2 34.b4 Rxa2 35.Rexc8 Rxc8
36.Rxc8 Rb2 37.Rb8 Rxb4 38.c6 1-0

[Event "CAMPEONATO DE ESPAÑA ABSOLUTO"]
[Site "EL SAUZAL - TENERIFE - ISLAS CANARIAS"]
[Date "2010.09.09"]
[Round "6"]
[Board "8"]
[White "Reinaldo Castineira, Roi"]
[Black "Anton Guijarro, David"]
[Result "1/2-1/2"]
[WhiteElo "2502"]
[BlackElo "2403"]
[PlyCount "82"]
[EventDate "2010.09.04"]
[EventRounds "9"]
[EventCountry "ESP"]

1.e4 e6 2.d4 d5 3.e5 c5 4.c3 Qb6 5.Nf3 Nc6 6.a3 a5 7.Bd3 Bd7 8.O-O Nh6 9.Bc2 Nf5
10.dxc5 Bxc5 11.b4 axb4 12.Bxf5 b3 13.Bd3 b2 14.Ra2 bxc1=Q 15.Qxc1 O-O 16.Nbd2
Rfc8 17.Rb2 Qd8 18.Rxb7 Bxa3 19.Qc2 h6 20.Ra1 Be8 21.Nb3 Bf8 22.Rxa8 Rxa8
23.Nbd4 Na5 24.Rb1 Qc7 25.h4 Rc8 26.Ba6 Ra8 27.Bd3 Be7 28.Qd2 Nc4 29.Qe2 Na3
30.Rc1 Rc8 31.g3 Qa5 32.Qb2 Qa7 33.Qe2 Rc7 34.Kh2 Qb8 35.Kg2 Rb7 36.g4 Qd8
37.Kg3 Rc7 38.Qe3 Nc4 39.Qe2 Na3 40.Qe3 Nc4 41.Qe2 Na3 1/2-1/2